Countries with the most Christians - Statistics

General Stats
  • This quiz has been taken 37 times
  • The average score is 18 of 20
Answer Stats
Rank Answer Number of Christians % Correct
2 Brazil 180 million
100%
20 Spain 33 million
100%
14 France 40 million
97%
11 Germany 46 million
97%
16 Poland 36 million
97%
19 United Kingdom 33 million
97%
1 United States 230 million
97%
15 Argentina 37 million
94%
3 Mexico 107 million
94%
6 Russia 80 million
94%
8 Italy 53 million
92%
13 South Africa 43 million
89%
12 Colombia 43 million
86%
4 Nigeria 88 million
86%
7 DR Congo 63 million
83%
9 Ethiopia 52 million
78%
5 Philippines 86 million
78%
17 Ukraine 34 million
78%
10 China 48 million
75%
18 Kenya 34 million
61%
No matching quizzes found
Score Distribution
Percent of People with Each Score
Percentile by Number Answered
Your Score History
You have not taken this quiz